| 000 | 02183nam0a2200457 4500 | ||
|---|---|---|---|
| 001 | RU\NLR\bibl\1381723 | ||
| 005 | 20250615193522.0 | ||
| 010 |
_a978-5-7972-1239-3 _9200 |
||
| 021 |
_aRU _b2009-30104 _91806 |
||
| 035 | _a(nilc)RSL-KNO-004313854 | ||
| 035 | _aROSTOV\BIBL\0000152119 | ||
| 035 | _aEL/0000267923 | ||
| 035 | _a(NLR Aleph) 001373806 | ||
| 090 |
_a1058555 _c1058555 |
||
| 100 | _a20090410d2008 |||y0rusy50 ca | ||
| 101 | 0 | _arus | |
| 102 | _aRU | ||
| 105 | _aa ||||||||| | ||
| 106 | _ar | ||
| 200 | 1 |
_aАудиторская деятельность в условиях компьютерной обработки данных _eучебное пособие _fС. Е. Гордеев _gФедеральное агентство по образованию, Ростовский гос. экономический ун-т "РИНХ" |
|
| 210 |
_aРостов-на-Дону _cРИНХ _d2008 |
||
| 215 |
_a143 с. _cил. _d21 |
||
| 320 | _aБиблиогр.: с. 142-143 (33 назв.) | ||
| 606 | 1 |
_aАудит _jУчебные издания для высших учебных заведений _xКомпьютеризация _91489544 _3RU\NLR\auth\66639683 |
|
| 610 | 2 | _aЭкономика -- Учет -- Российская Федерация -- Бухгалтерский учет -- Аудит -- Информационные технологии -- Учебник для высшей школы | |
| 610 | 2 | _aАудит | |
| 610 | 2 | _aАудиторская деятельность | |
| 610 | 2 | _aИнформационные технологии | |
| 610 | 2 | _aКомпьютерные технологии | |
| 610 | 2 | _aУчебные издания для вузов | |
| 686 |
_aУ052.9(2)20-218в612я73-1 _2rubbk |
||
| 686 |
_a65.053.9(2)с51я73 _vLBC/RL _2rubbk |
||
| 686 | _aУ052.9(2)2-218в612я73 | ||
| 700 | 1 |
_aГордеев _bС. Е. _gСтанислав Евгеньевич _4070 |
|
| 801 | 0 |
_aRU _bРГБ _c20090410 _grcr |
|
| 801 | 1 |
_aRU _bРГБ _c20090410 |
|
| 801 | 2 |
_aRU _bДонская ГПБ _c20090505 _2rusmarc |
|
| 801 | 2 |
_aRU _bNLR _c20090615 _grcr |
|
| 942 | _cBOOK | ||
| 980 | _aNB | ||